عرض عادي
عرض مارك
- Land reform
دخول Topical Term
001 - CONTROL NUMBER
- control field: 19321
003 - CONTROL NUMBER IDENTIFIER
- control field: AE-AdECS
005 - DATE AND TIME OF LATEST TRANSACTION
- control field: 20250820093107.0
008 - FIXED-LENGTH DATA ELEMENTS
- fixed length control field: 250820|| aca||aabn | a|a d
040 ## - CATALOGING SOURCE
- Original cataloging agency: AE-AdECS
- Transcribing agency: AE-AdECS
150 ## - HEADING--TOPICAL TERM
- Topical term or geographic name entry element: Land reform
- Geographic subdivision: Pakistan
- Geographic subdivision: Punjab
670 ## - SOURCE DATA FOUND
- Source citation: Work cat.: (AE-AdECS)291937: Rizvi, Mubbashir A. (Mubbashir Abbas), author. 19318, The ethics of staying :
